[Event "Catalunya-chT Gp1"]
[Site "Barcelona"]
[Date "2023.02.11"]
[Round "4.9"]
[White "Chalmeta Ugas, Jordi Ramon"]
[Black "Garzon Sanchez, Jose Manuel"]
[Result "1/2-1/2"]
[WhiteElo "2158"]
[BlackElo "2162"]
[PlyCount "74"]
[EventDate "2023.01.21"]
[EventType "team-tourn"]
[EventRounds "7"]
[EventCountry "ESP"]
[SourceTitle "CBM 213 Extra"]
[Source "ChessBase"]
[SourceDate "2023.05.31"]
[SourceVersion "1"]
[SourceVersionDate "2023.05.31"]
[SourceQuality "1"]
[WhiteTeam "Foment Martinenc"]
[BlackTeam "Ateneu Colon"]
[WhiteTeamCountry "ESP"]
[BlackTeamCountry "ESP"]

1. d4 g6 2. c4 Bg7 3. e4 c6 4. Nc3 d6 5. Nf3 Nd7 6. Be2 e6 7. 0-0 Ne7 8. Qc2 0-0 9. Rd1 Qc7 10. Be3 b6 11. Rac1 Bb7 12. b4 Rad8 13. Nd2 Rfe8 14. f3 Qb8 15. c5 dxc5 16. bxc5 b5 17. Nb3 Qc7 18. Bxb5 cxb5 19. Nxb5 Qc6 20. Nd6 Ba8 21. Nxe8 Rxe8 22. Bg5 f6 23. Bf4 f5 24. Na5 Qa6 25. Nc4 fxe4 26. fxe4 Bc6 27. Nd6 Ba4 28. Qd3 Qxd3 29. Rxd3 Rf8 30. Be3 Nf6 31. Ra3 Ng4 32. Rc4 Nxe3 33. Rxe3 Bc6 34. Rf3 Rb8 35. Rb3 Rf8 36. Rf3 Rb8 37. Rb3 Rf8 1/2-1/2

[Event "Catalunya-chT Gp2"]
[Site "Barcelona"]
[Date "2020.02.15"]
[Round "5.8"]
[White "Navrotescu, Andreea Cristiana"]
[Black "Garzon Sanchez, Jose Manuel"]
[Result "0-1"]
[WhiteElo "2244"]
[BlackElo "2191"]
[PlyCount "97"]
[EventDate "2020.01.18"]
[EventType "team-tourn"]
[EventRounds "7"]
[EventCountry "ESP"]
[SourceTitle "CBM 195 Extra"]
[Source "ChessBase"]
[SourceDate "2020.05.31"]
[SourceVersion "1"]
[SourceVersionDate "2020.05.31"]
[SourceQuality "1"]
[WhiteTeam "Valls"]
[BlackTeam "Colon Ateneu"]
[WhiteTeamCountry "ESP"]
[BlackTeamCountry "ESP"]

1. d4 Nf6 2. c4 g6 3. Nc3 Bg7 4. e4 d6 5. Nge2 0-0 6. Ng3 c5 7. d5 e6 8. Be2 exd5 9. cxd5 a6 10. a4 Re8 11. 0-0 Nbd7 12. Bg5 Qa5 13. Qd2 Qb4 14. f3 Rb8 15. Rfb1 b5 16. axb5 axb5 17. Ra7 c4 18. Kh1 Bb7 19. Be3 Nc5 20. Qc1 Nb3 21. Qg1 Na5 22. Bb6 Nb3 23. Na2 Qd2 24. Be3 Nxe4 25. fxe4 Bd4 26. Bxd4 Qxd4 27. Qxd4 Nxd4 28. Bf3 f5 29. Nb4 f4 30. Nf1 Nb3 31. Nc6 Bxc6 32. dxc6 Rbc8 33. Rd1 Rxc6 34. e5 Rb6 35. exd6 Rbb8 36. Kg1 Nc5 37. d7 Red8 38. Rc7 Nd3 39. b3 Ne5 40. bxc4 bxc4 41. Bb7 Kf8 42. Rc8 Ke7 43. Rxb8 Rxb8 44. Bc8 Nc6 45. Re1+ Kd8 46. Nd2 c3 47. Nc4 Rb4 48. Na5 Ne7 49. Rxe7 0-1

[Event "Catalunya-chT DH"]
[Site "Spain"]
[Date "2004.??.??"]
[Round "9"]
[White "Alsina Leal, Daniel"]
[Black "Garzon Sanchez, Jose Manuel"]
[Result "1-0"]
[WhiteElo "2240"]
[BlackElo "2168"]
[PlyCount "45"]
[EventDate "2004.??.??"]
[EventType "team-tourn"]
[EventRounds "9"]
[EventCountry "ESP"]
[SourceTitle "EXT 2007"]
[Source "ChessBase"]
[SourceDate "2006.11.23"]
[SourceVersion "1"]
[SourceVersionDate "2006.11.23"]
[SourceQuality "1"]

1. e4 d6 2. d4 Nf6 3. Nc3 g6 4. Be3 c6 5. Qd2 Nbd7 6. f3 Qc7 7. g4 e5 8. 0-0-0 a6 9. g5 Nh5 10. Nge2 h6 11. gxh6 Ndf6 12. Kb1 Be6 13. Ng3 b5 14. Nxh5 Nxh5 15. Ne2 c5 16. d5 Bd7 17. f4 Bxh6 18. fxe5 Bxe3 19. Qxe3 dxe5 20. d6 Qc6 21. Qg5 0-0 22. Ng3 Ng7 23. h4 1-0

[Event "Catalunya-chT DH"]
[Site "Spain"]
[Date "2004.??.??"]
[Round "1"]
[White "Garzon Sanchez, Jose Manuel"]
[Black "Vall de Vilaramo, Jordi"]
[Result "0-1"]
[WhiteElo "2168"]
[BlackElo "2175"]
[PlyCount "60"]
[EventDate "2004.??.??"]
[EventType "team-tourn"]
[EventRounds "9"]
[EventCountry "ESP"]
[SourceTitle "EXT 2007"]
[Source "ChessBase"]
[SourceDate "2006.11.23"]
[SourceVersion "1"]
[SourceVersionDate "2006.11.23"]
[SourceQuality "1"]

1. d4 Nf6 2. Nf3 g6 3. c4 Bg7 4. Nc3 d5 5. Qb3 dxc4 6. Qxc4 0-0 7. e4 Na6 8. Be2 c5 9. d5 e6 10. Bf4 exd5 11. exd5 Re8 12. 0-0 Bf5 13. Nd2 Nb4 14. Rfd1 Nd7 15. Bf1 a6 16. a4 Rc8 17. Rac1 Bc2 18. Rxc2 Nxc2 19. Nce4 Nd4 20. Nd6 b5 21. Qa2 Qf6 22. Bg3 Ra8 23. N2e4 Rxe4 24. Nxe4 Qd8 25. b3 f5 26. Nd2 Kh8 27. h3 h5 28. h4 Nb6 29. d6 Qd7 30. axb5 axb5 0-1

[Event "Catalunya-chT"]
[Site "Spain"]
[Date "2003.??.??"]
[Round "9"]
[White "Cantero Navarro, Antonio"]
[Black "Garzon Sanchez, Jose Manuel"]
[Result "0-1"]
[WhiteElo "2221"]
[BlackElo "2155"]
[PlyCount "72"]
[EventDate "2003.??.??"]
[EventType "team-tourn"]
[EventRounds "9"]
[EventCountry "ESP"]
[SourceTitle "EXT 2007"]
[Source "ChessBase"]
[SourceDate "2006.11.23"]
[SourceVersion "1"]
[SourceVersionDate "2006.11.23"]
[SourceQuality "1"]

1. e4 c5 2. Nf3 Nc6 3. d4 cxd4 4. Nxd4 Nf6 5. Nc3 e5 6. Ndb5 d6 7. Bg5 a6 8. Bxf6 gxf6 9. Na3 b5 10. Nd5 f5 11. Bd3 Be6 12. 0-0 Bg7 13. c3 0-0 14. Ne3 f4 15. Nf5 Bxf5 16. exf5 d5 17. f3 Re8 18. Re1 Bf8 19. Kh1 Bc5 20. Nc2 Rb8 21. a3 Qh4 22. Nb4 Nxb4 23. axb4 Bf2 24. Re2 Rb6 25. Qf1 Rh6 26. h3 Be3 27. Rae1 Qg5 28. Bc2 Rd6 29. g3 Kh8 30. gxf4 exf4 31. Rg2 Qf6 32. Rg4 Rdd8 33. Qd3 Rg8 34. Re2 h5 35. Rgg2 Qh4 36. Kh2 Rg3 0-1

[Event "Catalunya-chT"]
[Site "Spain"]
[Date "2003.??.??"]
[Round "3"]
[White "Garzon Sanchez, Jose Manuel"]
[Black "Cots Paltor, Jordi"]
[Result "1-0"]
[WhiteElo "2155"]
[BlackElo "2173"]
[PlyCount "59"]
[EventDate "2003.??.??"]
[EventType "team-tourn"]
[EventRounds "9"]
[EventCountry "ESP"]
[SourceTitle "EXT 2007"]
[Source "ChessBase"]
[SourceDate "2006.11.23"]
[SourceVersion "1"]
[SourceVersionDate "2006.11.23"]
[SourceQuality "1"]

1. d4 f5 2. g3 Nf6 3. Bg2 g6 4. Nh3 Bg7 5. 0-0 0-0 6. Nd2 d6 7. Nf3 Nc6 8. d5 Ne5 9. Nd4 e6 10. Nf4 Qe7 11. Nfxe6 Re8 12. Nxg7 Kxg7 13. c3 Bd7 14. b3 Rad8 15. c4 h6 16. Bb2 Kh7 17. Qc2 Nh5 18. e3 Rf8 19. f4 Ng4 20. Rae1 Rde8 21. e4 Qf7 22. exf5 gxf5 23. Qd3 Ng7 24. Nf3 Kg8 25. Nh4 Rxe1 26. Rxe1 Re8 27. Qc3 Rxe1+ 28. Qxe1 Qe8 29. Qxe8+ Bxe8 30. Bd4 1-0

[Event "ESP-chT"]
[Site "Barcelona"]
[Date "2000.08.12"]
[Round "8"]
[White "Barraza Caracuel, Ignacio"]
[Black "Garzon Sanchez, Jose Manuel"]
[Result "1/2-1/2"]
[WhiteElo "2150"]
[BlackElo "2169"]
[PlyCount "83"]
[EventDate "2000.08.05"]
[EventType "team-tourn"]
[EventRounds "9"]
[EventCountry "ESP"]
[SourceTitle "CBM 077 Extra"]
[Source "ChessBase"]
[SourceDate "2000.09.14"]
[SourceVersion "1"]
[SourceVersionDate "2000.09.14"]
[SourceQuality "1"]

1. d4 Nf6 2. c4 g6 3. Nc3 d5 4. cxd5 Nxd5 5. e4 Nxc3 6. bxc3 Bg7 7. Bc4 c5 8. Ne2 0-0 9. 0-0 Nc6 10. Be3 Na5 11. Bd3 e5 12. d5 b6 13. f4 exf4 14. Bxf4 f5 15. Rc1 fxe4 16. Bxe4 Bf5 17. Ng3 Bxe4 18. Nxe4 Qe7 19. Qd3 c4 20. Qe2 Rae8 21. Rce1 Qd7 22. Qd2 Nb7 23. h3 Kh8 24. Ng5 Rxe1 25. Rxe1 Nc5 26. Ne6 Nxe6 27. Rxe6 Rd8 28. Be5 Bxe5 29. Rxe5 Qd6 30. Qe3 Kg8 31. Qe4 Rf8 32. h4 Qc5+ 33. Kh2 Qd6 34. g3 Qc5 35. Qe3 Qxe3 36. Rxe3 Rf2+ 37. Kh3 Rxa2 38. d6 Rd2 39. Re8+ Kf7 40. Re7+ Kf6 41. Rxa7 Rxd6 42. Rxh7 1/2-1/2

[Event "Barcelona La Lira op"]
[Site "Barcelona"]
[Date "1996.??.??"]
[Round "2"]
[White "Garzon Sanchez, Jose Manuel"]
[Black "Arroyo Izquiano, Leonardo"]
[Result "1-0"]
[WhiteElo "2165"]
[BlackElo "2040"]
[PlyCount "67"]
[EventDate "1996.??.??"]
[EventType "swiss"]
[EventRounds "8"]
[EventCountry "ESP"]
[SourceTitle "EXT 2003"]
[Source "ChessBase"]
[SourceDate "2002.11.25"]
[SourceVersion "1"]
[SourceVersionDate "2002.11.25"]
[SourceQuality "1"]

1. d4 Nf6 2. c4 g6 3. Nc3 Bg7 4. e4 d6 5. Be2 0-0 6. Bg5 Nbd7 7. f4 c5 8. d5 h6 9. Bh4 Nh7 10. Nf3 Re8 11. 0-0 Ndf8 12. Qd2 Qc7 13. Rad1 f5 14. e5 a6 15. e6 Nf6 16. Qd3 Rb8 17. a4 Qb6 18. Rb1 Qd8 19. h3 Kh8 20. Rfe1 N8h7 21. Nh2 Rg8 22. g4 fxg4 23. hxg4 Nf8 24. g5 hxg5 25. fxg5 N6h7 26. Qe4 Bd4+ 27. Kh1 Be5 28. Bg4 Qa5 29. Rf1 Bxc3 30. bxc3 Qxc3 31. Rf3 Qd2 32. Nf1 Qa2 33. Qd3 Qxa4 34. Qc3+ 1-0

[Event "Barcelona La Lira op"]
[Site "Barcelona"]
[Date "1996.??.??"]
[Round "4"]
[White "Garzon Sanchez, Jose Manuel"]
[Black "Serrano Pertinez, Miquel"]
[Result "1-0"]
[WhiteElo "2165"]
[BlackElo "2230"]
[PlyCount "95"]
[EventDate "1996.??.??"]
[EventType "swiss"]
[EventRounds "8"]
[EventCountry "ESP"]
[SourceTitle "EXT 2003"]
[Source "ChessBase"]
[SourceDate "2002.11.25"]
[SourceVersion "1"]
[SourceVersionDate "2002.11.25"]
[SourceQuality "1"]

1. d4 Nf6 2. c4 e6 3. Nf3 Bb4+ 4. Bd2 c5 5. g3 Qb6 6. Bg2 cxd4 7. Nxd4 Bc5 8. e3 Bxd4 9. exd4 Qxd4 10. 0-0 Ne4 11. Qg4 f5 12. Qh5+ g6 13. Qh4 Qf6 14. Qxf6 Nxf6 15. Bc3 0-0 16. Rd1 Nc6 17. b4 Ne4 18. Bxe4 fxe4 19. b5 Ne7 20. Bb4 Rf7 21. Nc3 a5 22. Bxe7 Rxe7 23. Nxe4 b6 24. Nd6 Rb8 25. Rac1 Bb7 26. c5 bxc5 27. Rxc5 Bd5 28. b6 Rg7 29. Rdxd5 exd5 30. b7 Rf7 31. Rxa5 Rff8 32. Rxd5 Kg7 33. a4 Kf6 34. a5 Ke6 35. Rd2 Rf3 36. a6 Ra3 37. Nb5 Ra1+ 38. Kg2 Ke7 39. Rd6 Ra2 40. Rb6 h5 41. a7 Rf8 42. Kh3 Rfxf2 43. Kh4 Rf5 44. h3 Ra4+ 45. g4 hxg4 46. a8Q Rh5+ 47. Kg3 Rxh3+ 48. Kg2 1-0

[Event "Barcelona La Lira op"]
[Site "Barcelona"]
[Date "1995.??.??"]
[Round "1"]
[White "Garzon Sanchez, Jose Manuel"]
[Black "Gomez, J."]
[Result "1-0"]
[WhiteElo "2150"]
[BlackElo "2025"]
[PlyCount "61"]
[EventDate "1995.04.??"]
[EventType "swiss"]
[EventRounds "9"]
[EventCountry "ESP"]
[SourceTitle "EXT 2003"]
[Source "ChessBase"]
[SourceDate "2002.11.25"]
[SourceVersion "1"]
[SourceVersionDate "2002.11.25"]
[SourceQuality "1"]

1. d4 Nf6 2. c4 g6 3. Nc3 Bg7 4. e4 d6 5. Be2 0-0 6. Nf3 c5 7. d5 e6 8. 0-0 exd5 9. cxd5 Re8 10. Nd2 a6 11. a4 h5 12. f4 Ng4 13. Bxg4 Bxg4 14. Qc2 Bd4+ 15. Kh1 Nd7 16. Nc4 Nb6 17. Ne3 Kg7 18. Bd2 Rc8 19. Rae1 Rb8 20. Ne2 Bxe3 21. Bxe3 Nxd5 22. Bd2 Bxe2 23. Rxe2 Kg8 24. f5 Nb4 25. Bxb4 cxb4 26. fxg6 fxg6 27. e5 Re6 28. exd6 Qxd6 29. Qb3 Rbe8 30. Rf6 Qc6 31. Rexe6 1-0

[Event "Barcelona La Lira op"]
[Site "Barcelona"]
[Date "1995.??.??"]
[Round "3"]
[White "Garzon Sanchez, Jose Manuel"]
[Black "Ramirez Gonzalez, Juan Alberto"]
[Result "0-1"]
[WhiteElo "2150"]
[BlackElo "2340"]
[PlyCount "52"]
[EventDate "1995.04.??"]
[EventType "swiss"]
[EventRounds "9"]
[EventCountry "ESP"]
[SourceTitle "EXT 2003"]
[Source "ChessBase"]
[SourceDate "2002.11.25"]
[SourceVersion "1"]
[SourceVersionDate "2002.11.25"]
[SourceQuality "1"]

1. d4 Nf6 2. c4 e6 3. Nf3 b6 4. a3 Be7 5. Nc3 0-0 6. e4 d5 7. Bd3 dxe4 8. Nxe4 Nbd7 9. Qe2 Bb7 10. Neg5 h6 11. h4 c5 12. Nxe6 Bxf3 13. gxf3 fxe6 14. Qxe6+ Kh8 15. d5 Qc7 16. f4 Bd6 17. Qf5 Rae8+ 18. Kf1 Ne4 19. Qg6 Ndf6 20. Rg1 Re7 21. f3 Bxf4 22. fxe4 Bxc1 23. Rxc1 Nxe4+ 24. Ke1 Qf4 25. Rc2 Nc3+ 26. Re2 Qc1# 0-1

[Event "Barcelona La Lira op"]
[Site "Barcelona"]
[Date "1995.??.??"]
[Round "5"]
[White "Garzon Sanchez, Jose Manuel"]
[Black "Sala Tusquellas, Jordi"]
[Result "1-0"]
[WhiteElo "2150"]
[BlackElo "2130"]
[PlyCount "51"]
[EventDate "1995.04.??"]
[EventType "swiss"]
[EventRounds "9"]
[EventCountry "ESP"]
[SourceTitle "EXT 2003"]
[Source "ChessBase"]
[SourceDate "2002.11.25"]
[SourceVersion "1"]
[SourceVersionDate "2002.11.25"]
[SourceQuality "1"]

1. d4 Nf6 2. c4 c5 3. d5 b5 4. cxb5 a6 5. Nc3 axb5 6. e4 Qa5 7. f3 b4 8. Nb5 Ba6 9. a4 d6 10. b3 Bxb5 11. Bxb5+ Qxb5 12. axb5 Rxa1 13. Ne2 g6 14. 0-0 Bg7 15. Qc2 0-0 16. Bb2 Ra5 17. Ra1 Rxb5 18. Ra7 Nbd7 19. f4 Nb6 20. Qd3 c4 21. bxc4 Nc8 22. cxb5 Nxa7 23. Bxf6 Bxf6 24. b6 Nc8 25. b7 Na7 26. Qa6 1-0

[Event "Barcelona La Lira op"]
[Site "Barcelona"]
[Date "1995.??.??"]
[Round "6"]
[White "Marcet Bisbal, Antonio"]
[Black "Garzon Sanchez, Jose Manuel"]
[Result "1-0"]
[WhiteElo "2295"]
[BlackElo "2150"]
[PlyCount "61"]
[EventDate "1995.04.??"]
[EventType "swiss"]
[EventRounds "9"]
[EventCountry "ESP"]
[SourceTitle "EXT 2003"]
[Source "ChessBase"]
[SourceDate "2002.11.25"]
[SourceVersion "1"]
[SourceVersionDate "2002.11.25"]
[SourceQuality "1"]

1. e4 c5 2. Nf3 Nc6 3. d4 cxd4 4. Nxd4 Nf6 5. Nc3 e5 6. Ndb5 d6 7. Bg5 a6 8. Na3 b5 9. Bxf6 gxf6 10. Nd5 f5 11. Bd3 Be6 12. c3 Rb8 13. Nc2 Rg8 14. g3 Bxd5 15. exd5 Ne7 16. Qh5 h6 17. h4 Nxd5 18. Qxf5 Qd7 19. Qf3 Ne7 20. Rd1 d5 21. Ne3 Rb6 22. Bc2 Rd6 23. Bb3 e4 24. Qh5 Rgg6 25. Bxd5 Nxd5 26. Rxd5 Rxd5 27. Qxd5 Qxd5 28. Nxd5 Rd6 29. Ne3 a5 30. Ke2 b4 31. c4 1-0